000 00738nam a2200265Ia 4500
003 OSt
005 20220925204003.0
006 a|||||r|||| 00| 0
007 ta
008 220923b |||||||| |||| 00| 0 eng d
020 _a003018763X
037 _cGeneral Book
040 _aRTL
_cRTL
_beng
041 _2eng
_aeng
082 _aX:51, M6;N7/TD1
100 _aZikmund Williamur
_9267495
245 0 _aExploring marketing research
250 _a6th
260 _aForth
_bWorth Dryden Press
_c1997
300 _axxvii, 739p
_ccm.
490 _aDryden Press Series in Marketing
650 _aMarketing
_915998
942 _hX:51, M6;N7/TD1
_cGB
_2CC
999 _c548273
_d548273